Al-Akida and fort Jesus Mombasa / (Record no. 13232)
[ view plain ]
| 000 -LEADER | |
|---|---|
| fixed length control field | 00653cam a22002052 4500 |
| 001 - CONTROL NUMBER | |
| control field | 0000009689 |
| 005 - DATE AND TIME OF LATEST TRANSACTION | |
| control field | 20151217155842.0 |
| 008 - FIXED-LENGTH DATA ELEMENTS--GENERAL INFORMATION | |
| fixed length control field | 081116s xx 000 0 eng d |
| 040 ## - CATALOGING SOURCE | |
| Original cataloging agency | KABU |
| Transcribing agency | KABU |
| 100 1# - MAIN ENTRY--PERSONAL NAME | |
| Personal name | Hinawy, Mbarak Ali. |
| -- | 0000161423 |
| 245 10 - TITLE STATEMENT | |
| Title | Al-Akida and fort Jesus Mombasa / |
| Statement of responsibility, etc. | Mbarak Ali Hinawy. |
| 250 ## - EDITION STATEMENT | |
| Edition statement | 2nd ed. |
| 260 ## - PUBLICATION, DISTRIBUTION, ETC. (IMPRINT) | |
| Place of publication, distribution, etc. | Nairobi : |
| Name of publisher, distributor, etc. | E. A. L. B., |
| Date of publication, distribution, etc. | 1970. |
| 300 ## - PHYSICAL DESCRIPTION | |
| Extent | v, 79 p. |
| 600 10 - SUBJECT ADDED ENTRY--PERSONAL NAME | |
| Personal name | Bakhashweivu, Muhammad bin Abdalah bin Mbarak. |
| -- | 0000161424 |
| 651 #0 - SUBJECT ADDED ENTRY--GEOGRAPHIC NAME | |
| Geographic name | Africa, East |
| General subdivision | History |
| Chronological subdivision | To 1886. |
| -- | 0000161425 |
| 852 1# - LOCATION | |
| -- | p100 KES |
| 908 ## - PUT COMMAND PARAMETER (RLIN) | |
| Put command parameter | 081116 |
| 950 ## - LOCAL HOLDINGS (RLIN) | |
| -- | 1 |
| Withdrawn status | Lost status | Source of classification or shelving scheme | Not for loan | Home library | Current library | Date acquired | Total Checkouts | Full call number | Barcode | Date last seen | Price effective from | Koha item type |
|---|---|---|---|---|---|---|---|---|---|---|---|---|
| Library of Congress Classification | Kabarak, Main Campus | Kabarak, Main Campus | 17/12/2015 | DT432 .H56 1970 c. 1 | 15485 | 17/12/2015 | 17/12/2015 | Africana Collection |